Conflict of love and honor (Record no. 260781)

MARC details
000 -LEADER
fixed length control field 00824nam a2200265Ia 4500
003 - CONTROL NUMBER IDENTIFIER
control field OSt
005 - DATE AND TIME OF LATEST TRANSACTION
control field 20220918214511.0
008 - FIXED-LENGTH DATA ELEMENTS--GENERAL INFORMATION
fixed length control field 220917b |||||||| |||| 00| 0 eng d
037 ## - SOURCE OF ACQUISITION
Terms of availability Textual
040 ## - CATALOGING SOURCE
Original cataloging agency ARTS
Transcribing agency ARTS
Language of cataloging eng
041 ## - LANGUAGE CODE
Source of code eng
Language code of text/sound track or separate title eng
100 ## - MAIN ENTRY--PERSONAL NAME
Personal name Ferrante Joan M
9 (RLIN) 131510
245 #0 - TITLE STATEMENT
Title Conflict of love and honor
Remainder of title The medieval tristan legand in France Germany and Italy
260 ## - PUBLICATION, DISTRIBUTION, ETC.
Place of publication, distribution, etc. Paris
Name of publisher, distributor, etc. Mouton
Date of publication, distribution, etc. 1973
300 ## - PHYSICAL DESCRIPTION
Extent 160p.
Dimensions cm.
490 ## - SERIES STATEMENT
Series statement De proprietatibus litterarum ed by C H Van Schoonevald; 78
500 ## - GENERAL NOTE
General note Appendix p122-147 (A-C); Bibliography p148-154
650 ## - SUBJECT ADDED ENTRY--TOPICAL TERM
Topical term or geographic name entry element SOCIOLOGY
942 ## - ADDED ENTRY ELEMENTS (KOHA)
Classification part Y:351(S:55).5, L3
Koha item type Textual
Source of classification or shelving scheme Colon Classification (CC)
Holdings
Withdrawn status Lost status Damaged status Not for loan Home library Current library Date acquired Total Checkouts Full call number Barcode Date last seen Price effective from Koha item type
        Arts Library Arts Library 2022-09-18   Y:351(S:55).5 L3 AL0604527 2022-09-18 2022-09-18 Textual
Copyright @ Delhi University Library System